| 000 | 00410nam a22001457a 4500 | ||
|---|---|---|---|
| 999 |
_c7507 _d7505 |
||
| 005 | 20210305105151.0 | ||
| 008 | 210305b ||||| |||| 00| 0 eng d | ||
| 082 | _a346.066 | ||
| 100 |
_aAIYAR, A. N. _96466 |
||
| 245 | _aREPORTS OF COMPANY CASES: INCLUDING CASES ON BANKING AND INSURENCE [ VOL-4] | ||
| 260 |
_aMADRAS _bTHE COMPANY LAW INSTITUTE INDIA |
||
| 300 | _a608,p | ||
| 650 |
_aLAW _95701 |
||
| 942 | _cJRL | ||